[Event "Keres Memorial rap 31st"]
[Site "Tallinn"]
[Date "2022.09.11"]
[Round "10"]
[White "Paakkonen, Timo"]
[Black "Tilvikas, Justas"]
[Result "1-0"]
[WhiteElo "2209"]
[BlackElo "2008"]
[PlyCount "61"]
[EventDate "2022.09.10"]
[EventType "swiss (rapid)"]
[EventRounds "11"]
[EventCountry "EST"]
[SourceTitle "CBM 210 Extra"]
[Source "ChessBase"]
[SourceDate "2022.11.30"]
[SourceVersion "1"]
[SourceVersionDate "2022.11.30"]
[SourceQuality "1"]

1. Nc3 Nf6 2. e4 e5 3. f4 Nc6 4. fxe5 Nxe5 5. d4 Ng6 6. e5 Ng8 7. Nf3 d6 8. Bc4 N8e7 9. exd6 Qxd6 10. Ng5 Be6 11. Bxe6 fxe6 12. Qe2 Kd7 13. Nf7 Qb6 14. Nxh8 Nxh8 15. 0-0 Re8 16. Be3 Nf5 17. Ne4 Ng6 18. Kh1 Kc8 19. Bg1 Qc6 20. c4 Bd6 21. Nxd6+ Nxd6 22. b3 e5 23. d5 Qd7 24. c5 Nf5 25. c6 Qf7 26. cxb7+ Kxb7 27. Qb5+ Kc8 28. Qa6+ Kd8 29. Rac1 Nf4 30. Qxa7 Re7 31. Qb8+ 1-0

[Event "LTU-ch sf"]
[Site "Vilnius"]
[Date "2022.04.10"]
[Round "4"]
[White "Novikovas, Anatolijus"]
[Black "Tilvikas, Justas"]
[Result "1/2-1/2"]
[WhiteElo "1675"]
[BlackElo "1959"]
[PlyCount "35"]
[EventDate "2022.04.08"]
[EventType "swiss"]
[EventRounds "9"]
[EventCountry "LTU"]
[SourceTitle "CBM 207 Extra"]
[Source "ChessBase"]
[SourceDate "2022.05.31"]
[SourceVersion "1"]
[SourceVersionDate "2022.05.31"]
[SourceQuality "1"]

1. d4 d5 2. Nf3 Nf6 3. Bf4 e6 4. e3 Bd6 5. Nbd2 c5 6. c3 0-0 7. Bg3 Nc6 8. Bd3 b6 9. Ne5 Qc7 10. f4 Re8 11. 0-0 Bb7 12. Bh4 Be7 13. Bxf6 Bxf6 14. Ndf3 g6 15. g4 Bg7 16. g5 Kf8 17. Qe1 Ke7 18. Qg3 1/2-1/2

[Event "LTU-ch sf"]
[Site "Vilnius"]
[Date "2022.04.09"]
[Round "2"]
[White "Salna, Aleksandras"]
[Black "Tilvikas, Justas"]
[Result "1-0"]
[WhiteElo "2209"]
[BlackElo "1959"]
[PlyCount "91"]
[EventDate "2022.04.08"]
[EventType "swiss"]
[EventRounds "9"]
[EventCountry "LTU"]
[SourceTitle "CBM 207 Extra"]
[Source "ChessBase"]
[SourceDate "2022.05.31"]
[SourceVersion "1"]
[SourceVersionDate "2022.05.31"]
[SourceQuality "1"]

1. d4 d5 2. c4 c6 3. cxd5 cxd5 4. Nc3 Nc6 5. e4 Nf6 6. e5 Ne4 7. Bd3 Bf5 8. Nge2 Nxc3 9. bxc3 Bxd3 10. Qxd3 e6 11. 0-0 Be7 12. f4 g6 13. g4 Qd7 14. f5 gxf5 15. gxf5 0-0-0 16. f6 Rdg8+ 17. Kh1 Bd8 18. Bh6 Rg6 19. Bg7 Re8 20. Qh3 Na5 21. Qxh7 Nc4 22. Rg1 Rxg1+ 23. Rxg1 Ne3 24. Qd3 Nf5 25. Rg4 Qa4 26. Ng3 Ne3 27. Rf4 Nc4 28. Rf2 Bb6 29. Re2 Qa3 30. h4 Qc1+ 31. Kh2 Kd7 32. h5 Qf4 33. h6 Rh8 34. Bxh8 Qxh6+ 35. Kg1 Qxh8 36. Rh2 Qg8 37. Kg2 Qg5 38. Rh7 Ke8 39. Rg7 Qf4 40. Nf1 Qh4 41. Qh7 Qxh7 42. Rxh7 Ba5 43. Rh3 Nb2 44. Nd2 Nd1 45. Nb3 Bb6 46. Kf1 1-0

[Event "Taujenai Manor Cup"]
[Site "Taujenai"]
[Date "2021.11.27"]
[Round "3"]
[White "Tilvikas, Justas"]
[Black "Griksaite, Egle"]
[Result "1-0"]
[WhiteElo "1849"]
[BlackElo "1508"]
[PlyCount "103"]
[EventDate "2021.11.27"]
[EventType "swiss (rapid)"]
[EventRounds "9"]
[EventCountry "LTU"]
[SourceTitle "EXT 2023"]
[Source "ChessBase"]
[SourceDate "2022.10.05"]
[SourceVersion "1"]
[SourceVersionDate "2022.10.05"]
[SourceQuality "1"]

1. d4 Nf6 2. c4 d6 3. Nc3 g6 4. e4 e5 5. dxe5 dxe5 6. Qxd8+ Kxd8 7. Bg5 Be7 8. 0-0-0+ Nbd7 9. Nf3 Ke8 10. Nb5 Bd8 11. Bxf6 Nxf6 12. Nxe5 a6 13. Rxd8+ Kxd8 14. Nxf7+ Ke7 15. Nxc7 Kxf7 16. Nxa8 Nxe4 17. Bd3 Nc5 18. Bc2 Re8 19. b4 Ne6 20. Nb6 Nd4 21. Nxc8 Rxc8 22. Bb3 Re8 23. Rd1 Ne2+ 24. Kb2 Re7 25. Re1 Kf6 26. Bd1 Nf4 27. Rxe7 Kxe7 28. Bf3 b6 29. Kc3 Kd6 30. a3 h6 31. Kd4 Ne6+ 32. Ke3 Ke5 33. g3 a5 34. Bd5 axb4 35. axb4 Nc7 36. f4+ Kf5 37. Kd4 g5 38. fxg5 hxg5 39. h3 Na6 40. c5 Nxb4 41. cxb6 Na6 42. b7 Nb8 43. Be4+ Ke6 44. Kc5 Ke5 45. Bg2 Ke6 46. h4 gxh4 47. gxh4 Kf5 48. Kb6 Kg4 49. Kc7 Na6+ 50. Kc8 Kxh4 51. Bf1 Nc5 52. b8Q 1-0

[Event "Riga Tech Rapid op"]
[Site "Riga"]
[Date "2021.08.08"]
[Round "2"]
[White "Golubovskis, Maksims"]
[Black "Tilvikas, Justas"]
[Result "1-0"]
[WhiteElo "2273"]
[BlackElo "1911"]
[PlyCount "103"]
[EventDate "2021.08.08"]
[EventType "swiss (rapid)"]
[EventRounds "9"]
[EventCountry "LAT"]
[SourceTitle "CBM 203 Extra"]
[Source "ChessBase"]
[SourceDate "2021.09.30"]
[SourceVersion "1"]
[SourceVersionDate "2021.09.30"]
[SourceQuality "1"]

1. e4 c5 2. Nf3 d6 3. d4 cxd4 4. Nxd4 Nf6 5. f3 a6 6. c4 Nc6 7. Nc3 g6 8. Be3 Bg7 9. Be2 0-0 10. 0-0 Bd7 11. Rc1 Rc8 12. Qd2 Re8 13. b3 Qa5 14. Rfd1 Red8 15. Bf1 Re8 16. Qb2 h5 17. a3 h4 18. h3 Qh5 19. Qf2 g5 20. Nd5 Nxd5 21. exd5 Ne5 22. b4 Ng6 23. c5 Ba4 24. Rd2 Nf4 25. Nf5 Bf6 26. Bd4 Qg6 27. Bxf6 Qxf6 28. Ne3 e6 29. dxe6 Rxe6 30. Bc4 Re7 31. cxd6 Rd7 32. Bxf7+ Kxf7 33. Rxc8 Rxd6 34. Rxd6 Qxd6 35. Qa2+ Ne6 36. Rc1 Bc6 37. Qc2 Qd4 38. Qc3 Qf4 39. Ng4 Nd4 40. Qc4+ Kg7 41. Qc3 Kf7 42. Re1 Bxf3 43. gxf3 Qg3+ 44. Kf1 Qxh3+ 45. Kf2 Qg3+ 46. Ke3 Qf4+ 47. Kf2 Qg3+ 48. Kf1 Qh3+ 49. Kg1 Qg3+ 50. Kh1 Qh3+ 51. Nh2 Kg7 52. Rc1 1-0

[Event "Klaipeda Sea op 07th"]
[Site "Klaipeda"]
[Date "2010.07.30"]
[Round "7"]
[White "Tilvikas, Justas"]
[Black "Galuscak, Viktoras"]
[Result "1/2-1/2"]
[WhiteElo "1987"]
[BlackElo "1814"]
[PlyCount "65"]
[EventDate "2010.07.26"]
[EventType "swiss"]
[EventRounds "9"]
[EventCountry "LTU"]
[SourceTitle "EXT 2012"]
[Source "ChessBase"]
[SourceDate "2011.11.24"]
[SourceVersion "1"]
[SourceVersionDate "2011.11.24"]
[SourceQuality "1"]

1. d4 Nf6 2. c4 e6 3. Nf3 Bb4+ 4. Bd2 Qe7 5. a3 Bxd2+ 6. Qxd2 b6 7. Nc3 Ba6 8. e4 d5 9. e5 Ne4 10. Nxe4 dxe4 11. Ng5 Bb7 12. Qe3 Nc6 13. Nxe4 0-0-0 14. Rd1 Rd7 15. Be2 Rhd8 16. 0-0 Nxd4 17. Nd6+ cxd6 18. Rxd4 dxe5 19. Rxd7 Qxd7 20. Qxe5 Qd4 21. Qxd4 Rxd4 22. Rd1 Rxd1+ 23. Bxd1 Kd7 24. f4 Kd6 25. b4 e5 26. g3 exf4 27. gxf4 a5 28. Kf2 axb4 29. axb4 h6 30. Ke3 g5 31. Bc2 Bc8 32. Kf3 Be6 33. Bd3 1/2-1/2